01214nam a22003017a 4500003000900000005001700009008003700026020001500063040002200078082001600100100001800116245016800134260006800302300003000370490003200400700003400432700002400466700002800490700003400518700003800552830003100590910001100621942001200632945003300644952017600677956004200853999001700895DO-SdBNP20171206100627.0161031b 1996 xxu a 00| 0 spa d a0673770923 aBPMSUbspacBPMSU axxxxbC971a1 aCummings, Pat10a¡Amiga Teresa! /cPat Cummings ; adaptación Lourdes Davis Machado ; traducción Olivia Ruiz, Patricia Almada, Lourdes Davis Machado, Roni Capin Rivera Ashford. aEstados Unidos : bCelebration Press, bScott Foresman, c1996. a16 p. : bil. ; c18 cm. 1 aPequeñitas celebraciones 12aDavis Machado, Lourdeseadap.12aRuiz, Oliviaetrad.12aAlmada, Patriciaetrad.12aDavis Machado, Lourdesetrad.12aRivera Ashford, Roni Capinetrad. 0aPequeñitas celebraciones a000144 2ddccBK ainventariado extranjero / DG 00102ddc40708CI-GaBPMETbBPMETd2017-10-31eDonado por la Biblioteca Infantil Juvenil República Dominicanal0oxxxx C971apBPMSU17100201r2017-10-31w2017-10-31yBK 2YLOCKWARD3108BPMSUaYngrid Lockward c12738d12738